10 najtańszych krajów na wakacje - Statystyki

Ogólne statystyki
  • Ten quiz został rozwiązany 1 353 razy
  • Średni wynik to 7 z 10
Statystyki odpowiedzi
Średnia cena Odpowiedź % Poprawnych
2653zł Grecja
83%
2431zł Turcja
83%
2895zł Chorwacja
81%
3085zł Hiszpania
76%
2420zł Albania
74%
2090zł Bułgaria
74%
2536zł Egipt
71%
2704zł Czarnogóra
62%
1924zł Tunezja
60%
2199zł Malta
51%
Nie znaleziono quizów pasujących do podanych kryteriów
Rozkład punktacji
Procent ludzi z każdym wynikiem
Percentyl według liczby udzielonych odpowiedzi
Twoja historia wyników
Nie rozwiązałeś tego quizu